000
00286nam a22000977a 4500
005
20250901165549.0
008
211005b |||||||| |||| 00| 0 eng d
050
_a
HF5657.4 .G37 2008
245
_a
Managerial accounting
_c
GARRISON, RAY H.
942
_2
lcc
_h
HF5657.4 .G37 2008
999
_c
5911
_d
5911